| 000 | 00693nam a22002177a 4500 | ||
|---|---|---|---|
| 005 | 20251124094714.0 | ||
| 008 | 240123b mx |||||||| |||| 00| 0 spa d | ||
| 020 | _a9682440483 | ||
| 050 | 0 | 4 |
_aP106 _bA95 1990 |
| 050 | 0 | 4 |
_aP121 _bA95 1990 |
| 100 | 1 | _aÁvila, Raúl | |
| 245 | 1 | 3 |
_aLa lengua y los hablantes _c / Raúl Ávila. |
| 250 | _a3a ed. | ||
| 260 |
_aMéxico : _bTrillas, _c1990 |
||
| 300 |
_a157 p. : _bil. ; _c23 cm. |
||
| 490 | 0 |
_aCursos básicos para formación de profesores. _aÁrea: Lenguaje y Comunicación. |
|
| 490 | 0 |
_aUnidad : Lenguaje y formas de expresión ; _v2 |
|
| 504 | _aIncluye bibliografía | ||
| 650 | 7 |
_2lemb _aLenguaje y lenguas |
|
| 942 |
_2lcc _cLIB |
||
| 999 |
_c48591 _d48591 |
||